Library Logo

Pioneer International University Library Catalogue

Time-driven activity-based costing : (Record no. 3276)

MARC details
000 -LEADER
fixed length control field 00658cam a2200181 a 4500
005 - DATE AND TIME OF LATEST TRANSACTION
control field 20250901165408.0
008 - FIXED-LENGTH DATA ELEMENTS--GENERAL INFORMATION
fixed length control field 061026s2007 maua b 001 0 eng
010 ## - LIBRARY OF CONGRESS CONTROL NUMBER
LC control number 2006035423
020 ## - INTERNATIONAL STANDARD BOOK NUMBER
International Standard Book Number 9781422101711 (hardcover : alk. paper)
020 ## - INTERNATIONAL STANDARD BOOK NUMBER
International Standard Book Number 1422101711 (hardcover : alk. paper)
050 00 - LIBRARY OF CONGRESS CALL NUMBER
Classification number HF5686.C8 K267 2007
Item number K267 2007
082 00 - DEWEY DECIMAL CLASSIFICATION NUMBER
Classification number 658.15/52
Edition information 22
100 1# - MAIN ENTRY--PERSONAL NAME
Personal name Kaplan, Robert S.
245 10 - TITLE STATEMENT
Title Time-driven activity-based costing :
Remainder of title a simpler and more powerful path to higher profits /
Statement of responsibility, etc. Robert S. Kaplan, Steven R. Anderson.
260 ## - PUBLICATION, DISTRIBUTION, ETC.
Place of publication, distribution, etc. Boston :
Name of publisher, distributor, etc. Harvard Business School Press,
Date of publication, distribution, etc. c2007.
300 ## - PHYSICAL DESCRIPTION
Extent xv, 266 p. :
Other physical details ill. ;
Dimensions 25 cm.
942 ## - ADDED ENTRY ELEMENTS (KOHA)
Source of classification or shelving scheme Dewey Decimal Classification
Holdings
Withdrawn status Lost status Source of classification or shelving scheme Damaged status Not for loan Home library Current library Shelving location Date acquired Total checkouts Full call number Barcode Date last seen Price effective from Koha item type
    Library of Congress Classification     Main Library Main Library   03/22/2021   HF5686.C8 K267 2007 PIU0016078 03/22/2021 03/22/2021 Books